Nový návrh rozpočtu únie vyvolal ostrú debatu

Veľká Británia predstavila nový návrh rozpočtu únie na roky 2007-2013. Británia navrhuje zníženie rozpočtu zhruba o 24 miliárd eur. Briti chcú šetriť najmä na nových členských krajinách EÚ, čo vyvolalo vlnu nevôle a kritiku niektorých krajín. Britský rabat. Hlavné body britského návrhu.

Salvato in:
Dettagli Bibliografici
Autore principale: Jarošová, Svetlana
Natura: Capitolo di libro
Lingua:slovacco
Soggetti:
Tags: Aggiungi Tag
Nessun Tag, puoi essere il primo ad aggiungerne!!

MARC

LEADER 00000naa$a2200000$$$4500
001 0036980
005 20231009082209.9
041 0 |a slo 
044 |a SK 
245 1 0 |a Nový návrh rozpočtu únie vyvolal ostrú debatu  |c Svetlana Jarošová 
520 |a Veľká Británia predstavila nový návrh rozpočtu únie na roky 2007-2013. Británia navrhuje zníženie rozpočtu zhruba o 24 miliárd eur. Briti chcú šetriť najmä na nových členských krajinách EÚ, čo vyvolalo vlnu nevôle a kritiku niektorých krajín. Britský rabat. Hlavné body britského návrhu. 
610 2 0 |a rozpočty 
610 2 0 |a rozpočet spoločný 
610 2 0 |a rabat 
610 2 0 |a Európska únia 
610 2 0 |a Veľká Británia 
610 2 0 |a 2007-2013 
100 1 |a Jarošová, Svetlana